| 000 | 00344nam a22001337a 4500 | ||
|---|---|---|---|
| 020 | _a0-07-056884-7 | ||
| 082 | _a621.8 SHR'T | ||
| 100 |
_aSHIGLEY, J. E,UICKER, J. J _974152 |
||
| 245 | _aTHEORY OF MECHANICS AND MECHANISMS | ||
| 260 |
_aNEWYORK _bMCGRAW HILL _c1980 |
||
| 300 | _a577P | ||
| 650 |
_aMECHANICAL ENGINEERING _95142 |
||
| 942 | _cBK | ||
| 999 |
_c579718 _d579718 |
||